• 首页
  • 本馆介绍
  • 公告通知
  • 最新文献
  • 馆藏检索
  • 电子资源
  • 读者导购
  • 参考咨询
  • 我的图书馆
  • 登录
  • 详细信息显示
  • 放入我的书架
  • 预约/预借图书
  • 作者相关作品
  • 分类相关作品
  • 丛书相关作品
  • 出版社相关作品

书目信息

  • 表格格式
  • 工作单格式
  • 卡片格式
题名:
商品学
    
 
作者: 赵苏 编著
分册:  
出版信息: 北京   清华大学出版社  2006
页数: 15,239页
开本: 23cm
丛书名:
单 册:
中图分类: F76
科图分类:
主题词: 商品学--远距离教育--教材 , 商品学
电子资源:
ISBN: 7-302-13671-8
000 00967nam0 2200277 450
000 00974nam0 2200277 450
000 00908nam0 2200253 450
000 00871nam0 2200241 45
005 20070602090505.87
010    @a7-302-13671-8@dCNY27.00
100    @a20070521d2006 em y0chiy0120 ea
101 2  @achi@aeng
102    @aCN@b110000
105    @ay z 000yy
200 1  @a商品学@AShang Pin Xue@dCommodity science@f赵苏编著@FZhao Su Bian Zhu@zeng
210    @a北京@c清华大学出版社@d2006
215    @a15,239页@d23cm
300    @a对外经济贸易大学远程教育系列教材
330    @a本书内容涉及商品学学科体系中的总论部分,具体包括:商品学的产生与发展、商品的质量、商品的组成与性能、商品分类与编码、商品标准与标准化、商品的检验检疫等内容。
510 1  @aCommodity science@zeng
606 0  @a商品学@x远距离教育@j教材
606 0  @a商品学
690    @aF76@v4
701  0 @a赵苏@AZhao Su@c(国际贸易)@4编著
801  0 @aCN@bTAOJIN@c20070602
905    @a10447@dF76@e25
    
    商品学=Commodity science/赵苏编著.-北京:清华大学出版社,2006
    15,239页;23cm
    对外经济贸易大学远程教育系列教材
    
    ISBN 7-302-13671-8:CNY27.00
    本书内容涉及商品学学科体系中的总论部分,具体包括:商品学的产生与发展、商品的质量、商品的组成与性能、商品分类与编码、商品标准与标准化、商品的检验检疫等内容。
●
相关链接 在E读中查询图书 在五车中查询图书 在当当中查询图书 在豆瓣中查询图书


正题名:商品学     索取号:F76/25         预约/预借

序号 登录号 条形码 馆藏地/架位号 状态 备注
1 0524195   205241950   第一样本阅览室/ [索取号:F76/25] 在馆    
2 0524196   205241969   第一借阅区/ [索取号:F76/25] 在馆    
3 0524197   205241978   第一借阅区/ [索取号:F76/25] 在馆    
4 0524198   205241987   第一借阅区/ [索取号:F76/25] 在馆    
5 0524199   205241996   第一借阅区/ [索取号:F76/25] 在馆    
6 0524200   205242003   第一借阅区/ [索取号:F76/25] 在馆    
7 0524201   205242012   第一借阅区/ [索取号:F76/25] 在馆    
8 0524202   205242021   第一借阅区/ [索取号:F76/25] 在馆    
唐山师范学院图书馆 欢迎您!
大连网信软件有限公司© 版权所有